Guess the song by lyrics - Fletcher (medium) - Statistics

General Stats
  • This quiz has been taken 33 times
  • The average score is 18 of 25
Answer Stats
Hint Answer % Correct
It's like being on the outside of an inside joke Bitter
100%
Are you in love like we were?If I were you, I'd probably keep her Becky's So Hot
93%
And you ask how I've beenI say I'm doing fine, but I'm lying All Love
89%
I went and saw a psychic, went on the pussy diet Doing better
89%
Watch me put my finger to your Shh... Don't Say It
89%
He can love you, baby, and, baby, I can too Two Things Can Be True
89%
I'm New York CityYou were L.A. Eras Of Us
85%
And three drinks laterYou're back in my arms Sex (With My Ex)
85%
I start touching myself to the photos that you used to send me Undrunk
85%
'Cause baby, I loved you at your worstAnd I fixed your heart, but mine still hurts Better Version
78%
Went from unexpectedNow I'm just forgettin' all my exes Joyride
78%
So many lessonsSo many girl-of-my-dreams Serial Heartbreaker
78%
I just wanna bite your lips, do some freaky shit The One
78%
So, go, do it all, have the time of your life Ego Talking
74%
So I'll drink this wine like it's medicine for the mind Feel
74%
Had a tight t-shirt I could do what's underneath girls girls girls
74%
I don't know whereWhere I'm goin' I Think I'm Growing
63%
Buzzing on Hennessy, drives like a Kennedy Wasted Youth
63%
We don't know what we want but God we want itWith us it's all or nothing 20 Something
59%
Lately it's so hard to breathe, yeahFalling 'bout a million times Healing
59%
Are you losing your mind thinking what will it takeTo make somebody listen to you? I Believe You
56%
Yeah, I can tell you've been having funI don't recognize a single one Fuck you been doing? If You're Gonna Lie
56%
"Turn back around, and never leave" I type it out as if that's the text I'm sending Pretending
56%
The bar where I met you, apartment I left you Fuck you for ruining new york city for me
44%
The things I love about you, I'm supposed to forget Strangers
33%
No matching quizzes found
Score Distribution
Percent of People with Each Score
Percentile by Number Answered
Your Score History
You have not taken this quiz